000 00981cam a2200253 a 4500
001 vtls003236720
003 MY-SjTCS
005 20200226115344.0
008 120817r20112005mdua b 001 0 eng
020 _a1557667993 (pbk.)
020 _a9781557667991 (pbk.)
039 9 _a201210051115
_bpushpa
_y201208171431
_zmalathy
082 0 4 _a372.21
_bGRI 2011
100 1 _aGrisham-Brown, Jennifer.
_964161
245 1 0 _aBlended practices for teaching young children in inclusive settings /
_cby Jennifer Grisham-Brown, Mary Louise Hemmeter, and Kristie Pretti-Frontczak.
260 _aBaltimore, Md. :
_bPaul H. Brookes Pub.,
_cc2005
_g(2011 printing)
300 _axviii, 292 p. :
_bill. ;
_c24 cm.
504 _aIncludes bibliographical references and index.
650 0 _aEarly childhood education.
650 0 _aEarly childhood special education.
_964162
700 1 _aHemmeter, Mary Louise.
_964163
700 1 _aPretti-Frontczak, Kristie.
_964164
920 _aEDU : 187951
999 _c147337